sporting jogadores 24/25 atualizado - Statistics

Estatísticas Gerais
  • Esse quiz foi jogado 47 vezes
  • A pontuação média é 21 de 27
Estatísticas das Respostas
Hint Resposta % Correto
9 gyokeres
100%
8 pedro gonçalves
92%
17 trincão
92%
1 israel
86%
57 quenda
86%
23 bragança
84%
26 diomande
84%
2 matheus reis
84%
72 quaresma
84%
25 inacio
81%
treinador joão pereira
81%
5 morita
81%
47 esgaio
78%
22 fresneda
78%
19 harder
78%
11 nuno santos
78%
6 debast
76%
42 hjulmand
76%
20 araujo
73%
21 catamo
73%
13 kovacevic
73%
3 st juste
73%
10 edwards
70%
52 joão simões
70%
41 diego callai
57%
51 diogo pinto
49%
81 henrique arreiol
35%
Nenhum quiz correspondente encontrado
Distribuição das Pontuações
Porcentagem de Pessoas com Cada Pontuação
Percentil de Números Respondidos
Sua Pontuação Histórica
Você não jogou esse quiz